000 00495nam a22001577a 4500
999 _c533479
_d533479
020 _qHard Cover.
082 _a624.1
100 _aAli, Zakawat
245 _aShear Behaviour of Ordinary Strength RC Slender Beams /
_cZakawat Ali.
260 _aIslamabad:
_bSCEE - NUST,
_c2016.
300 _a80 p. :
_bill. ;
_c30cm.
942 _2ddc
_cTHE
650 _aStructural Engineering MS-Thesis.
_917039
700 _aDr. Shaukat Ali Khan
_927330